Cargando…

Sailing to Freedom : Maritime Dimensions of the Underground Railroad /

"In 1858, Mary Millburn successfully made her escape from Norfolk, Virginia, to Philadelphia aboard an express steamship. Millburn's maritime route to freedom was far from uncommon. By the mid-nineteenth century, an increasing number of enslaved people had fled northward along the Atlantic...

Descripción completa

Detalles Bibliográficos
Otros Autores: Walker, Timothy Dale, 1963- (Editor )
Formato: Electrónico eBook
Idioma:Inglés
Publicado: Amherst : University of Massachusetts Press, 2021.
Colección:Book collections on Project MUSE.
Temas:
Acceso en línea:Texto completo

MARC

LEADER 00000cam a22000004a 4500
001 musev2_83285
003 MdBmJHUP
005 20230905052554.0
006 m o d
007 cr||||||||nn|n
008 201123s2021 mau o 00 0 eng d
010 |z  2020053344 
020 |a 9781613768488 
020 |z 9781625345929 
020 |z 9781613768495 
020 |z 9781625345936 
035 |a (OCoLC)1226075830 
040 |a MdBmJHUP  |c MdBmJHUP 
245 0 0 |a Sailing to Freedom :   |b Maritime Dimensions of the Underground Railroad /   |c edited by Timothy D. Walker. 
264 1 |a Amherst :  |b University of Massachusetts Press,  |c 2021. 
264 3 |a Baltimore, Md. :  |b Project MUSE,   |c 2021 
264 4 |c ©2021. 
300 |a 1 online resource (248 pages). 
336 |a text  |b txt  |2 rdacontent 
337 |a computer  |b c  |2 rdamedia 
338 |a online resource  |b cr  |2 rdacarrier 
520 |a "In 1858, Mary Millburn successfully made her escape from Norfolk, Virginia, to Philadelphia aboard an express steamship. Millburn's maritime route to freedom was far from uncommon. By the mid-nineteenth century, an increasing number of enslaved people had fled northward along the Atlantic seaboard. While scholarship on the Underground Railroad has focused almost exclusively on overland escape routes from the antebellum South, this groundbreaking volume expands our understanding of how freedom was achieved by sea and what the journey looked like for many African Americans. With innovative scholarship and thorough research, Sailing to Freedom highlights little-known stories and describes the less-understood maritime side of the Underground Railroad, including the impact of African Americans' paid and unpaid waterfront labor. These ten essays reconsider and contextualize how escapes were managed along the East Coast, moving from the Carolinas, Virginia, and Maryland to safe harbor in northern cities such as Philadelphia, New York, New Bedford, and Boston. In addition to the volume editor, contributors include David S. Cecelski, Elysa Engelman, Kathryn Grover, Megan Jeffreys, Cheryl Janifer LaRoche, Mirelle Luecke, Cassandra Newby-Alexander, Michael D. Thompson, and Len Travers"--  |c Provided by publisher. 
588 |a Description based on print version record. 
650 7 |a Waterways.  |2 fast  |0 (OCoLC)fst01172780 
650 7 |a Underground Railroad.  |2 fast  |0 (OCoLC)fst01160987 
650 7 |a Fugitive slaves.  |2 fast  |0 (OCoLC)fst00935940 
650 7 |a Antislavery movements.  |2 fast  |0 (OCoLC)fst00810800 
650 7 |a African Americans.  |2 fast  |0 (OCoLC)fst00799558 
650 0 |a Waterways  |z Atlantic Coast (U.S.)  |x History  |y 19th century. 
650 0 |a Antislavery movements  |z United States  |x History. 
650 0 |a African Americans  |x History  |y 19th century. 
650 0 |a Fugitive slaves  |z Atlantic Coast (U.S.)  |x History  |y 19th century. 
650 0 |a Underground Railroad. 
651 7 |a United States  |z Atlantic Coast.  |2 fast  |0 (OCoLC)fst01240719 
651 7 |a United States.  |2 fast  |0 (OCoLC)fst01204155 
655 7 |a History.  |2 fast  |0 (OCoLC)fst01411628 
655 7 |a Electronic books.   |2 local 
700 1 |a Walker, Timothy Dale,  |d 1963-  |e editor. 
710 2 |a Project Muse.  |e distributor 
830 0 |a Book collections on Project MUSE. 
856 4 0 |z Texto completo  |u https://projectmuse.uam.elogim.com/book/83285/ 
945 |a Project MUSE - Custom Collection 
945 |a Project MUSE - 2021 Complete 
945 |a Project MUSE - 2021 History